[Event "Vienna Husek op-A"]
[Site "Vienna"]
[Date "2012.08.14"]
[Round "2"]
[White "Kreisl, Robert"]
[Black "Fernandez, John C"]
[Result "1-0"]
[WhiteElo "2404"]
[BlackElo "2156"]
[PlyCount "81"]
[EventDate "2012.08.13"]
[EventType "swiss"]
[EventRounds "7"]
[EventCountry "AUT"]
[SourceTitle "CBM 149 Extra"]
[Source "ChessBase"]
[SourceDate "2012.08.24"]
[SourceVersion "1"]
[SourceVersionDate "2012.08.24"]
[SourceQuality "1"]

1. Nf3 f5 2. g3 Nf6 3. Bg2 d6 4. d4 g6 5. 0-0 Bg7 6. c4 0-0 7. Nc3 Nc6 8. d5 Ne5 9. Nxe5 dxe5 10. Qb3 Kh8 11. Rd1 h6 12. c5 g5 13. Bd2 e4 14. Rac1 a6 15. f3 exf3 16. exf3 Rb8 17. Be3 Qe8 18. c6 b6 19. Re1 f4 20. Bd4 Qf7 21. Be5 Ne8 22. Bxg7+ Nxg7 23. g4 e6 24. Rcd1 exd5 25. Qxd5 Be6 26. Qd4 Qf6 27. Bf1 Qxd4+ 28. Rxd4 Rbd8 29. Rxd8 Rxd8 30. Bxa6 Rd2 31. Re2 Rd6 32. Bb5 Kg8 33. a4 Rd4 34. Kf2 Kf7 35. Ke1 Ke7 36. b4 Ne8 37. a5 bxa5 38. bxa5 Nd6 39. Ba6 Kf7 40. Rb2 Nc8 41. Rb7 1-0

[Event "Bermuda op"]
[Site "Southampton"]
[Date "2011.02.12"]
[Round "2"]
[White "Christiansen, Larry Mark"]
[Black "Fernandez, John C"]
[Result "1-0"]
[WhiteElo "2585"]
[BlackElo "2163"]
[PlyCount "77"]
[EventDate "2011.02.11"]
[EventType "swiss"]
[EventRounds "5"]
[EventCountry "BER"]
[SourceTitle "EXT 2012"]
[Source "ChessBase"]
[SourceDate "2011.11.24"]
[SourceVersion "1"]
[SourceVersionDate "2011.11.24"]
[SourceQuality "1"]

1. c4 f5 2. Nc3 Nf6 3. d4 d6 4. Nf3 g6 5. g3 Bg7 6. Bg2 0-0 7. 0-0 Nc6 8. d5 Ne5 9. Qb3 Ned7 10. Qc2 Nc5 11. b4 Nfe4 12. Bb2 Nxc3 13. Bxc3 Bxc3 14. Qxc3 Ne4 15. Qe3 a5 16. a3 axb4 17. axb4 Rxa1 18. Rxa1 e5 19. dxe6 Bxe6 20. Rc1 Bf7 21. Nd2 Nxd2 22. Qxd2 b6 23. e3 Qf6 24. h4 Re8 25. c5 bxc5 26. bxc5 dxc5 27. Rxc5 Qd6 28. Qc1 Re7 29. h5 Kg7 30. Qc3+ Kh6 31. hxg6 Bxg6 32. Bf3 Rf7 33. Rc6 Qd8 34. Qe5 Qe7 35. Qd4 Qg5 36. Kg2 Qe7 37. Bd5 Rg7 38. Rf6 Kg5 39. Qh4# 1-0

[Event "USA tt"]
[Site "ICC INT"]
[Date "2005.09.21"]
[Round "4"]
[White "Pomerleano, Daniel"]
[Black "Fernandez, John C"]
[Result "1-0"]
[WhiteElo "2246"]
[BlackElo "2163"]
[PlyCount "75"]
[EventDate "2005.10.05"]
[EventType "team"]
[EventRounds "10"]
[EventCountry "USA"]
[SourceTitle "CBM 108 Extra"]
[Source "ChessBase"]
[SourceDate "2005.11.04"]
[SourceVersion "1"]
[SourceVersionDate "2005.11.04"]
[SourceQuality "1"]

1. Nf3 f5 2. d3 d6 3. e4 e5 4. Nc3 Nf6 5. exf5 Bxf5 6. d4 e4 7. Nh4 Bc8 8. Qe2 d5 9. f3 Be7 10. fxe4 dxe4 11. Nxe4 Qxd4 12. Nxf6+ Qxf6 13. Nf3 0-0 14. Qc4+ Kh8 15. Bg5 Qxb2 16. Bxe7 Qxa1+ 17. Kf2 b5 18. Qe4 Bb7 19. Qxb7 Qd4+ 20. Ke2 Qc4+ 21. Kd1 Qc6 22. Qxc6 Nxc6 23. Bxf8 Rxf8 24. Bd3 Nb4 25. Kd2 a6 26. a3 Nd5 27. Rf1 c5 28. Ng5 Rxf1 29. Bxf1 c4 30. g3 a5 31. Bg2 Nb6 32. Kc3 Na4+ 33. Kd4 Nb2 34. Nf7+ Kg8 35. Nd6 b4 36. axb4 axb4 37. Nxc4 Nd1 38. Kc5 1-0

[Event "Canarias en Red prel 4th"]
[Site "Playchess.com INT"]
[Date "2004.05.06"]
[Round "6"]
[White "Pfaffel, Thomas"]
[Black "Fernandez, John C"]
[Result "1/2-1/2"]
[WhiteElo "2125"]
[BlackElo "2153"]
[PlyCount "140"]
[EventDate "2004.05.06"]
[EventType "swiss (blitz)"]
[EventRounds "13"]
[EventCountry "GER"]
[SourceTitle "EXT 2005"]
[Source "ChessBase"]
[SourceDate "2004.11.15"]
[SourceVersion "1"]
[SourceVersionDate "2004.11.15"]
[SourceQuality "1"]

1. e4 c5 2. Nf3 d6 3. d4 cxd4 4. Nxd4 Nf6 5. Nc3 Nc6 6. Be2 e5 7. Nb3 h6 8. Be3 Be7 9. 0-0 0-0 10. h3 Be6 11. Qd2 a5 12. Rad1 a4 13. Nc1 a3 14. b3 Nb4 15. f3 Rc8 16. Nd3 d5 17. exd5 Nfxd5 18. Nxd5 Nxd5 19. Bf2 f6 20. c4 Nb4 21. Nxb4 Qxd2 22. Rxd2 Bxb4 23. Rdd1 Rfd8 24. g4 Kf7 25. Bb6 Rxd1 26. Rxd1 Ke7 27. Kf2 h5 28. Ke3 Bc3 29. Ke4 hxg4 30. hxg4 g6 31. Rd3 Bb2 32. f4 f5+ 33. gxf5 Bxf5+ 34. Ke3 Bxd3 35. Bxd3 exf4+ 36. Kxf4 Kf6 37. c5 g5+ 38. Kg4 Bd4 39. Be4 Bxc5 40. Bxb7 Rb8 41. Bxc5 Rxb7 42. Bxa3 Kg6 43. Bd6 Rb6 44. Bc5 Rb5 45. b4 Rb8 46. a4 Ra8 47. a5 Kh6 48. Bb6 Kg6 49. b5 Kf7 50. a6 Rb8 51. Bc7 Rxb5 52. a7 Rb4+ 53. Kxg5 Ra4 54. Bb8 Ke8 55. Kf6 Kd7 56. Ke5 Kc8 57. Kd6 Kb7 58. Kc5 Ra5+ 59. Kb4 Rh5 60. Kc4 Ka8 61. Kb4 Kb7 62. Kc4 Rg5 63. Kb4 Rg4+ 64. Kc5 Rg5+ 65. Kd4 Rg8 66. Kc5 Rc8+ 67. Kd6 Rd8+ 68. Ke7 Rc8 69. Kd7 Rxb8 70. axb8Q+ Kxb8 1/2-1/2

[Event "Canarias en Red prel 4th"]
[Site "Playchess.com INT"]
[Date "2004.05.06"]
[Round "11"]
[White "Sokolov, Andrei"]
[Black "Fernandez, John C"]
[Result "1-0"]
[WhiteElo "2585"]
[BlackElo "2153"]
[PlyCount "79"]
[EventDate "2004.05.06"]
[EventType "swiss (blitz)"]
[EventRounds "13"]
[EventCountry "GER"]
[SourceTitle "EXT 2005"]
[Source "ChessBase"]
[SourceDate "2004.11.15"]
[SourceVersion "1"]
[SourceVersionDate "2004.11.15"]
[SourceQuality "1"]

1. d4 f5 2. c4 Nf6 3. g3 d6 4. Bg2 g6 5. d5 Bg7 6. Nh3 0-0 7. 0-0 Na6 8. Nf4 Qe8 9. Nc3 c5 10. e4 g5 11. Nd3 h6 12. e5 dxe5 13. Nxe5 Rb8 14. Re1 Bd7 15. Nxd7 Qxd7 16. Qe2 Rfe8 17. Nb5 Kh8 18. Bd2 Nc7 19. Nxc7 Qxc7 20. Bc3 b5 21. cxb5 Qd7 22. a4 Nxd5 23. Bxg7+ Kxg7 24. Qe5+ Nf6 25. Bc6 Qd4 26. Bxe8 Rxe8 27. Qxd4 cxd4 28. Re5 Ng4 29. Rxf5 e5 30. h3 Nf6 31. Re1 e4 32. Rc5 Re7 33. a5 d3 34. b6 axb6 35. axb6 e3 36. fxe3 Ne4 37. Rc7 d2 38. Rxe7+ Kf6 39. Rd1 Kxe7 40. b7 1-0

[Event "Canarias en Red prel 4th"]
[Site "Playchess.com INT"]
[Date "2004.05.06"]
[Round "10"]
[White "Wojtkiewicz, Aleksander"]
[Black "Fernandez, John C"]
[Result "1-0"]
[WhiteElo "2564"]
[BlackElo "2153"]
[PlyCount "65"]
[EventDate "2004.05.06"]
[EventType "swiss (blitz)"]
[EventRounds "13"]
[EventCountry "GER"]
[SourceTitle "EXT 2005"]
[Source "ChessBase"]
[SourceDate "2004.11.15"]
[SourceVersion "1"]
[SourceVersionDate "2004.11.15"]
[SourceQuality "1"]

1. Nf3 f5 2. g3 Nf6 3. Bg2 d6 4. d4 g6 5. b4 Ne4 6. Bb2 Bg7 7. c4 c5 8. a3 0-0 9. Qb3 Nc6 10. d5 Nd4 11. Nxd4 cxd4 12. Qd3 a5 13. Bxd4 axb4 14. Bxg7 Kxg7 15. Bxe4 fxe4 16. Qxe4 bxa3 17. 0-0 Bf5 18. Qd4+ Kg8 19. Rxa3 Rxa3 20. Nxa3 Qa5 21. Nb5 Bd7 22. Qb2 Qb6 23. Qd4 Qa5 24. Rb1 Rf6 25. Nc3 Bh3 26. f3 Kf7 27. Rxb7 Qa1+ 28. Rb1 Qa3 29. Kf2 Bd7 30. Rb7 Bh3 31. Ne4 Qa6 32. Ra7 Qc8 33. Qxf6+ 1-0

[Event "Foxwoods op 06th"]
[Site "Connecticut"]
[Date "2004.04.09"]
[Round "4"]
[White "Fernandez, John C"]
[Black "Kujovic, Michal"]
[Result "1/2-1/2"]
[WhiteElo "2153"]
[BlackElo "2377"]
[PlyCount "74"]
[EventDate "2004.04.07"]
[EventType "swiss"]
[EventRounds "9"]
[EventCountry "USA"]
[SourceTitle "CBM 099 Extra"]
[Source "ChessBase"]
[SourceDate "2004.05.04"]
[SourceVersion "1"]
[SourceVersionDate "2004.05.04"]
[SourceQuality "1"]

1. e4 c5 2. Nf3 d6 3. d4 cxd4 4. Nxd4 Nf6 5. Nc3 a6 6. Be2 e6 7. 0-0 Be7 8. Be3 0-0 9. f4 Qc7 10. a4 Nc6 11. Qe1 Rd8 12. Qg3 d5 13. e5 Ne4 14. Nxe4 dxe4 15. Nxc6 Qxc6 16. c3 b6 17. Kh1 Bb7 18. f5 exf5 19. Rxf5 Qg6 20. Raf1 Bd5 21. c4 Be6 22. Qxg6 hxg6 23. R5f4 Bc5 24. Bxc5 bxc5 25. Rxe4 Rab8 26. Bg4 Bxg4 27. Rxg4 Rxb2 28. e6 fxe6 29. Rxg6 e5 30. h3 a5 31. Re1 Re8 32. Rc6 e4 33. Rxc5 e3 34. Rxa5 Kf7 35. Rf5+ Kg6 36. Rf3 e2 37. Kg1 Rc2 1/2-1/2

[Event "Warsaw AIG Life rapid"]
[Site "Warsaw"]
[Date "2003.12.21"]
[Round "9"]
[White "Jakubiec, Artur"]
[Black "Fernandez, John C"]
[Result "1-0"]
[WhiteElo "2538"]
[BlackElo "2153"]
[PlyCount "93"]
[EventDate "2003.12.21"]
[EventType "swiss (rapid)"]
[EventRounds "11"]
[EventCountry "POL"]
[SourceTitle "EXT 2005"]
[Source "ChessBase"]
[SourceDate "2004.11.15"]
[SourceVersion "1"]
[SourceVersionDate "2004.11.15"]
[SourceQuality "1"]

1. f4 e5 2. e4 Nc6 3. Nf3 f5 4. exf5 e4 5. Ne5 Nxe5 6. fxe5 Qe7 7. Qh5+ Kd8 8. d4 exd3 9. Bxd3 Qxe5+ 10. Kd1 Nf6 11. Qf3 Bd6 12. Nc3 c6 13. g3 Re8 14. Bf4 Qe7 15. Kd2 Bxf4+ 16. Qxf4 Qe5 17. Qf3 d5 18. Rae1 Qd6 19. Rxe8+ Kxe8 20. g4 d4 21. Ne2 c5 22. g5 Qd5 23. Rf1 Qxf3 24. Rxf3 Ng4 25. Rf4 Nxh2 26. Ng3 Bd7 27. Ne4 Bc6 28. f6 gxf6 29. gxf6 h5 30. Ng5 Bd5 31. Bg6+ Kd7 32. f7 Ke7 33. Bxh5 Rh8 34. Nh7 Nf3+ 35. Bxf3 Bxf7 36. Be4 Bxa2 37. Rg4 Rg8 38. Rg5 Rxg5 39. Nxg5 b5 40. b3 c4 41. b4 Kd6 42. Nf3 a5 43. bxa5 Kc5 44. a6 Kb6 45. Nxd4 Kxa6 46. Kc3 Ka5 47. Kb2 1-0

[Event "Warsaw AIG Life rapid"]
[Site "Warsaw"]
[Date "2003.12.20"]
[Round "2"]
[White "Fernandez, John C"]
[Black "Malakhatko, Vadim"]
[Result "0-1"]
[WhiteElo "2153"]
[BlackElo "2529"]
[PlyCount "42"]
[EventDate "2003.12.21"]
[EventType "swiss (rapid)"]
[EventRounds "11"]
[EventCountry "POL"]
[SourceTitle "EXT 2005"]
[Source "ChessBase"]
[SourceDate "2004.11.15"]
[SourceVersion "1"]
[SourceVersionDate "2004.11.15"]
[SourceQuality "1"]

1. e4 e6 2. d4 d5 3. Nd2 c5 4. Ngf3 cxd4 5. exd5 Qxd5 6. Bc4 Qd6 7. 0-0 Nf6 8. Nb3 Nc6 9. Nbxd4 Nxd4 10. Qxd4 Qxd4 11. Nxd4 Bd7 12. b3 Rc8 13. Bb2 a6 14. a4 Bb4 15. Rfd1 Ne4 16. f3 Nc3 17. Rd3 Nxa4 18. bxa4 Rxc4 19. Rad1 0-0 20. Nf5 Bxa4 21. Ne3 Rcc8 0-1

[Event "New York Masters Int 1st"]
[Site "New York"]
[Date "2003.03.24"]
[Round "7"]
[White "Fernandez, John C"]
[Black "Johnson, Ben"]
[Result "1/2-1/2"]
[WhiteElo "2138"]
[BlackElo "2178"]
[PlyCount "52"]
[EventDate "2003.02.03"]
[EventType "tourn"]
[EventRounds "9"]
[EventCountry "USA"]
[SourceTitle "CBM 092 Extra"]
[Source "ChessBase"]
[SourceDate "2003.03.07"]
[SourceVersion "1"]
[SourceVersionDate "2003.03.07"]
[SourceQuality "1"]

1. e4 c5 2. Nf3 e6 3. d4 cxd4 4. Nxd4 a6 5. Bd3 Bc5 6. Nb3 Ba7 7. 0-0 Nc6 8. Qe2 Nge7 9. c4 d6 10. Be3 Bxe3 11. Qxe3 e5 12. Nc3 0-0 13. Rfd1 Ng6 14. Rd2 Be6 15. Rad1 Qc7 16. Bf1 Rad8 17. g3 Nce7 18. c5 dxc5 19. Nxc5 Bc8 20. Rxd8 Rxd8 21. Rxd8+ Qxd8 22. Qd3 Qc7 23. Qc4 b5 24. Nd5 Qd6 25. Nxe7+ Nxe7 26. Qd3 Qxd3 1/2-1/2

[Event "New York Masters Int 1st"]
[Site "New York"]
[Date "2003.03.17"]
[Round "6"]
[White "Sloan, Julia Elizabeth"]
[Black "Fernandez, John C"]
[Result "0-1"]
[WhiteElo "2235"]
[BlackElo "2138"]
[PlyCount "70"]
[EventDate "2003.02.03"]
[EventType "tourn"]
[EventRounds "9"]
[EventCountry "USA"]
[SourceTitle "CBM 092 Extra"]
[Source "ChessBase"]
[SourceDate "2003.03.07"]
[SourceVersion "1"]
[SourceVersionDate "2003.03.07"]
[SourceQuality "1"]

1. d4 f5 2. Nf3 Nf6 3. Bg5 Ne4 4. h4 c5 5. dxc5 Qa5+ 6. c3 Qxc5 7. Be3 Qc7 8. Nbd2 d5 9. Nxe4 dxe4 10. Nd4 f4 11. Bd2 e5 12. Nb5 Qb6 13. e3 Nc6 14. a4 Bc5 15. a5 Qd8 16. b4 Be7 17. Bc4 a6 18. Na3 fxe3 19. Bxe3 Qxd1+ 20. Kxd1 Bg4+ 21. Kc2 Rf8 22. Bd5 Rf6 23. Bxe4 Rc8 24. Kb2 h6 25. Nc4 Be2 26. Nb6 Rd8 27. Rhe1 Bh5 28. Nd5 Rfd6 29. Nxe7 Nxe7 30. Bxb7 Nf5 31. Bb6 Rd2+ 32. Ka3 R8d3 33. Rxe5+ Kd7 34. Rxf5 Rxc3+ 35. Ka4 Ra2+ 0-1

[Event "New York Masters Int 1st"]
[Site "New York"]
[Date "2003.03.03"]
[Round "4"]
[White "Benen, Samson"]
[Black "Fernandez, John C"]
[Result "1/2-1/2"]
[WhiteElo "2251"]
[BlackElo "2138"]
[PlyCount "69"]
[EventDate "2003.02.03"]
[EventType "tourn"]
[EventRounds "9"]
[EventCountry "USA"]
[SourceTitle "CBM 092 Extra"]
[Source "ChessBase"]
[SourceDate "2003.03.07"]
[SourceVersion "1"]
[SourceVersionDate "2003.03.07"]
[SourceQuality "1"]

1. d4 Nf6 2. c4 e6 3. Nc3 Bb4 4. e3 b6 5. Qf3 d5 6. Bd3 Bb7 7. Nge2 0-0 8. 0-0 Nbd7 9. cxd5 exd5 10. a3 Bxc3 11. bxc3 Ne4 12. Qh3 Ndf6 13. f3 Nd6 14. g4 g6 15. Ng3 Qe7 16. Ra2 Rae8 17. Re2 Bc8 18. Qg2 Nd7 19. e4 dxe4 20. fxe4 f6 21. Bh6 Rf7 22. h4 Bb7 23. Rfe1 c5 24. Qh2 c4 25. Bc2 Nb5 26. Nf5 Qxa3 27. Bc1 Qxc3 28. Nh6+ Kg7 29. Nxf7 Kxf7 30. Ba4 Qxd4+ 31. Be3 Qe5 32. Qxe5 Rxe5 33. Bf4 Rc5 34. Be3 Re5 35. Bf4 1/2-1/2

[Event "New York Masters Int 1st"]
[Site "New York"]
[Date "2003.02.24"]
[Round "3"]
[White "Fernandez, John C"]
[Black "Sena, Juan Oscar"]
[Result "0-1"]
[WhiteElo "2138"]
[BlackElo "2142"]
[PlyCount "108"]
[EventDate "2003.02.03"]
[EventType "tourn"]
[EventRounds "9"]
[EventCountry "USA"]
[SourceTitle "CBM 092 Extra"]
[Source "ChessBase"]
[SourceDate "2003.03.07"]
[SourceVersion "1"]
[SourceVersionDate "2003.03.07"]
[SourceQuality "1"]

1. e4 e6 2. d4 d5 3. Nd2 Nf6 4. e5 Nfd7 5. Bd3 c5 6. c3 Nc6 7. Ne2 cxd4 8. cxd4 f6 9. exf6 Nxf6 10. Nf3 Bd6 11. 0-0 Qc7 12. Bg5 0-0 13. Bh4 h6 14. Bg3 Nh5 15. Bxd6 Qxd6 16. Re1 Nf4 17. Nxf4 Qxf4 18. Bb5 Ne7 19. Qc1 a6 20. Qxf4 Rxf4 21. Be2 Nc6 22. g3 Re4 23. Bd3 Rg4 24. Rad1 Kf8 25. Bb1 Bd7 26. h3 Rg5 27. Nxg5 hxg5 28. f4 gxf4 29. Rf1 Ke7 30. Rxf4 g5 31. Rg4 Rg8 32. Rf1 e5 33. Bf5 Nxd4 34. Bxd7 Kxd7 35. h4 e4 36. Rf7+ Ke6 37. Rxb7 Nf3+ 38. Kf2 Kf5 39. Rxg5+ Nxg5 40. hxg5 d4 41. Rb6 Rc8 42. g6 Rc2+ 43. Kf1 Rc7 44. Rxa6 e3 45. Ke2 Rc2+ 46. Kd3 Rd2+ 47. Kc4 e2 48. g7 e1Q 49. g4+ Ke5 50. Ra5+ Ke4 51. g8Q Qc1+ 52. Kb3 Rxb2+ 53. Ka4 Qc6+ 54. Ka3 Qc3+ 0-1

[Event "New York Masters Int 1st"]
[Site "New York"]
[Date "2003.02.10"]
[Round "2"]
[White "Lewis, James E"]
[Black "Fernandez, John C"]
[Result "1-0"]
[WhiteElo "2246"]
[BlackElo "2138"]
[PlyCount "63"]
[EventDate "2003.02.03"]
[EventType "tourn"]
[EventRounds "9"]
[EventCountry "USA"]
[SourceTitle "CBM 092 Extra"]
[Source "ChessBase"]
[SourceDate "2003.03.07"]
[SourceVersion "1"]
[SourceVersionDate "2003.03.07"]
[SourceQuality "1"]

1. e4 c5 2. Nf3 d6 3. d4 cxd4 4. Nxd4 Nf6 5. Nc3 Nc6 6. Be2 e5 7. Nf3 h6 8. Bc4 Be7 9. Be3 a6 10. h3 Be6 11. Bb3 0-0 12. Qd2 Rc8 13. Rd1 b5 14. 0-0 b4 15. Nd5 Nxe4 16. Qe2 Nf6 17. Qxa6 Bxd5 18. Bxd5 Qa5 19. Bc4 e4 20. Nd4 Qxa6 21. Bxa6 Nxd4 22. Bxc8 Nxc2 23. Bb7 Nxe3 24. fxe3 b3 25. a4 Rb8 26. Bc6 Rb6 27. Rc1 d5 28. Rfd1 Rb4 29. a5 Bd8 30. Ra1 Rc4 31. Bxd5 Rc5 32. Bxf7+ 1-0

[Event "Canadian op"]
[Site "Montreal"]
[Date "2002.07.15"]
[Round "4"]
[White "Bluvshtein, Mark"]
[Black "Fernandez, John C"]
[Result "1-0"]
[WhiteElo "2367"]
[BlackElo "2133"]
[PlyCount "103"]
[EventDate "2002.07.13"]
[EventType "swiss"]
[EventRounds "10"]
[EventCountry "CAN"]
[SourceTitle "CBM 089 Extra"]
[Source "ChessBase"]
[SourceDate "2002.09.10"]
[SourceVersion "2"]
[SourceVersionDate "2002.09.10"]
[SourceQuality "1"]

1. d4 f5 2. c4 Nf6 3. Nc3 d6 4. Nf3 g6 5. g3 Bg7 6. Bg2 0-0 7. 0-0 Nc6 8. d5 Ne5 9. Nxe5 dxe5 10. e4 f4 11. gxf4 Nh5 12. f5 Nf4 13. Bxf4 exf4 14. Qf3 Be5 15. fxg6 hxg6 16. Bh3 Kg7 17. Bxc8 Qxc8 18. Ne2 Rf6 19. Kh1 Qh8 20. Rg1 Qh6 21. Rg2 Rh8 22. Ng1 Rb6 23. Rb1 Rxb2 24. Rxb2 Bxb2 25. Qg4 Qh5 26. Nf3 Qxg4 27. Rxg4 e5 28. dxe6 Re8 29. Rxf4 Rxe6 30. Ng5 Rf6 31. Rxf6 Kxf6 32. f4 c6 33. Kg2 b5 34. cxb5 cxb5 35. Kf3 b4 36. e5+ Ke7 37. Ne4 a5 38. Nc5 g5 39. Nd3 Bc3 40. fxg5 a4 41. Ke4 b3 42. axb3 axb3 43. Kf5 b2 44. Nxb2 Bxb2 45. h4 Kf7 46. h5 Bc3 47. h6 Bb4 48. g6+ Kg8 49. Kf6 Bf8 50. g7 Bc5 51. Kg6 Bg1 52. h7# 1-0

[Event "New York Masters 04th"]
[Site "New York"]
[Date "2002.04.09"]
[Round "2"]
[White "Fernandez, John C"]
[Black "Lapshun, Yury"]
[Result "0-1"]
[WhiteElo "2079"]
[BlackElo "2384"]
[PlyCount "60"]
[EventDate "2002.04.09"]
[EventType "swiss (rapid)"]
[EventRounds "4"]
[EventCountry "USA"]
[SourceTitle "EXT 2003"]
[Source "ChessBase"]
[SourceDate "2002.11.25"]
[SourceVersion "1"]
[SourceVersionDate "2002.11.25"]
[SourceQuality "1"]

1. e4 c5 2. Nf3 d6 3. d4 cxd4 4. Nxd4 Nf6 5. Nc3 a6 6. Be2 e5 7. Nb3 Be7 8. 0-0 Qc7 9. Kh1 Be6 10. f4 Nbd7 11. g4 Nb6 12. g5 Nfd7 13. f5 Bc4 14. Bxc4 Qxc4 15. Be3 Na4 16. Qd5 Nxb2 17. Bd2 Qxd5 18. Nxd5 Rc8 19. f6 gxf6 20. gxf6 Bd8 21. Bh6 Nc4 22. Rad1 Ndb6 23. Rf2 Nxd5 24. Rxd5 Bb6 25. Rg2 Kd7 26. Rg7 Ke6 27. Rd1 Bd8 28. Rf1 Bxf6 29. Rg3 Rhg8 30. Rgf3 Rg6 0-1

[Event "Foxwoods op 04th"]
[Site "Connecticut"]
[Date "2002.03.29"]
[Round "2"]
[White "Fernandez, John C"]
[Black "Times, Jerald W"]
[Result "1-0"]
[WhiteElo "2079"]
[BlackElo "2359"]
[PlyCount "51"]
[EventDate "2002.03.28"]
[EventType "swiss"]
[EventRounds "7"]
[EventCountry "USA"]
[SourceTitle "CBM 087 Extra"]
[Source "ChessBase"]
[SourceDate "2002.05.03"]
[SourceVersion "2"]
[SourceVersionDate "2002.08.09"]
[SourceQuality "1"]

1. e4 c5 2. Nf3 Nc6 3. d4 cxd4 4. Nxd4 e5 5. Nb5 d6 6. N1c3 a6 7. Na3 b5 8. Nd5 Nge7 9. c4 Nd4 10. Bd3 Nxd5 11. exd5 Be7 12. 0-0 0-0 13. Nc2 bxc4 14. Nxd4 exd4 15. Bxc4 Qb6 16. b3 Bf6 17. Bb2 a5 18. Qd3 Bg4 19. Rfe1 a4 20. Rac1 axb3 21. Bxb3 Rxa2 22. Bxa2 Qxb2 23. Bb1 g6 24. Qg3 Be2 25. Rc2 Qb4 26. Rcxe2 1-0

[Event "Foxwoods op 04th"]
[Site "Connecticut"]
[Date "2002.03.29"]
[Round "3"]
[White "Mac Intyre, Paul"]
[Black "Fernandez, John C"]
[Result "1-0"]
[WhiteElo "2260"]
[BlackElo "2079"]
[PlyCount "57"]
[EventDate "2002.03.28"]
[EventType "swiss"]
[EventRounds "7"]
[EventCountry "USA"]
[SourceTitle "CBM 087 Extra"]
[Source "ChessBase"]
[SourceDate "2002.05.03"]
[SourceVersion "2"]
[SourceVersionDate "2002.08.09"]
[SourceQuality "1"]

1. e4 c5 2. Nf3 d6 3. d4 cxd4 4. Nxd4 Nf6 5. Nc3 Nc6 6. Bc4 Qb6 7. Nb3 e6 8. Be3 Qc7 9. f4 Be7 10. a3 a6 11. 0-0 0-0 12. g4 b5 13. Bd3 Re8 14. g5 Nd7 15. Qh5 Bb7 16. Rf3 g6 17. Qh6 Bf8 18. Qh4 Bg7 19. Rh3 Nf8 20. Rf1 Rac8 21. Nd1 Qd8 22. c3 Nb8 23. f5 exf5 24. exf5 Nbd7 25. f6 Bh8 26. Bxg6 Nxg6 27. Qxh7+ Kf8 28. Qxh8+ Nxh8 29. Rxh8# 1-0

[Event "Bermuda op"]
[Site "Bermuda"]
[Date "2002.02.02"]
[Round "2"]
[White "Nakamura, Hikaru"]
[Black "Fernandez, John C"]
[Result "1-0"]
[WhiteElo "2430"]
[BlackElo "2079"]
[PlyCount "33"]
[EventDate "2002.02.01"]
[EventType "swiss"]
[EventRounds "5"]
[EventCountry "BER"]
[SourceTitle "CBM 086 Extra"]
[Source "ChessBase"]
[SourceDate "2002.03.14"]
[SourceVersion "1"]
[SourceVersionDate "2002.03.14"]
[SourceQuality "1"]

1. e4 c5 2. Nf3 d6 3. d4 cxd4 4. Nxd4 Nf6 5. Nc3 Nc6 6. Be3 Ng4 7. Bg5 Qb6 8. Bb5 Bd7 9. 0-0 h6 10. Be3 Nxe3 11. fxe3 Ne5 12. Bxd7+ Kxd7 13. Nd5 Qd8 14. Nf3 Nc6 15. Nd4 Ne5 16. Rxf7 g5 17. Qf1 1-0

[Event "Roman Levit Memorial"]
[Site "Milwaukee"]
[Date "2001.12.24"]
[Round "2"]
[White "Pelts, Peter"]
[Black "Fernandez, John C"]
[Result "1/2-1/2"]
[WhiteElo "2312"]
[BlackElo "2043"]
[PlyCount "110"]
[EventDate "2001.12.23"]
[EventType "swiss"]
[EventRounds "5"]
[EventCountry "USA"]
[SourceTitle "EXT 2003"]
[Source "ChessBase"]
[SourceDate "2002.11.25"]
[SourceVersion "1"]
[SourceVersionDate "2002.11.25"]
[SourceQuality "1"]

1. d4 f5 2. Bg5 g6 3. h4 Bg7 4. e3 d6 5. h5 h6 6. hxg6 hxg5 7. Rxh8 Bxh8 8. Qh5 Bg7 9. Bd3 e6 10. Nc3 Qf6 11. g4 Ne7 12. gxf5 exf5 13. 0-0-0 Qxg6 14. Qh1 c6 15. Nge2 Be6 16. Rg1 Kf8 17. Ng3 g4 18. Nh5 Qh7 19. Nxg7 Qxg7 20. f3 Nd7 21. Qh2 d5 22. Qc7 Qh6 23. Nd1 gxf3 24. Qxb7 Rd8 25. Qxa7 Kf7 26. Rf1 Qh5 27. Qc7 Rg8 28. a4 c5 29. Bb5 Nf6 30. dxc5 Rc8 31. Qf4 Ng6 32. Qd4 Ne4 33. b4 Ng3 34. Re1 Qg4 35. Nf2 Qxd4 36. exd4 Nf4 37. c3 Ng2 38. Rg1 Ne4 39. Nd3 Nxc3 40. Ne5+ Kf6 41. Nxf3 Nf4 42. Kc2 Ne4 43. Bf1 Bd7 44. Kb3 Ne6 45. b5 Be8 46. Kb4 Bh5 47. Ne5 Nxd4 48. Nd7+ Ke6 49. c6 Nxc6+ 50. bxc6 Rxc6 51. Bb5 Rc2 52. Rg7 Bd1 53. Rg6+ Ke7 54. Rg7+ Ke6 55. Rg6+ Ke7 1/2-1/2